Влияние давления и выдержки под давлением на прочность термобрикетов; Известия Томского политехнического института [Известия ТПИ]; Т. 198 : Органическая химия
| Parent link: | Известия Томского политехнического института [Известия ТПИ]/ Томский политехнический институт (ТПИ).— , 1944-1976 Т. 198 : Органическая химия.— 1974.— [С. 33-34] |
|---|---|
| Autor principal: | |
| Outros Autores: | , |
| Resumo: | Заглавие с титульного листа Электронная версия печатной публикации |
| Idioma: | russo |
| Publicado em: |
1974
|
| Assuntos: | |
| Acesso em linha: | Черно-белая версия для предварительного просмотра Цветная версия без потери качества |
| Formato: | Recurso Eletrônico Capítulo de Livro |
| KOHA link: | https://koha.lib.tpu.ru/cgi-bin/koha/opac-detail.pl?biblionumber=223252 |
MARC
| LEADER | 00000nla2a2200000 4500 | ||
|---|---|---|---|
| 001 | 223252 | ||
| 005 | 20231031200156.0 | ||
| 035 | |a (RuTPU)RU\TPU\book\243490 | ||
| 035 | |a RU\TPU\book\243489 | ||
| 090 | |a 223252 | ||
| 100 | |a 20121008d1974 k y0rusy50 ca | ||
| 101 | 0 | |a rus | |
| 102 | |a RU | ||
| 135 | |a drnn ---uucaa | ||
| 181 | 0 | |a i | |
| 182 | 0 | |a b | |
| 200 | 1 | |a Влияние давления и выдержки под давлением на прочность термобрикетов |b Электронный ресурс |f С. И. Смольянинов, С. Г. Маслов, Ю. П. Белоусов | |
| 203 | |a Текст |c электронный | ||
| 215 | |a 2 файла (92 Кб, 2.5 Мб) | ||
| 230 | |a Электронные текстовые данные (2 файла : 92 Кб, 2.5 Мб) | ||
| 300 | |a Заглавие с титульного листа | ||
| 300 | |a Электронная версия печатной публикации | ||
| 320 | |a [Библиогр.: с. 34 (3 назв.)] | ||
| 337 | |a Adobe Reader | ||
| 461 | 1 | |0 (RuTPU)RU\TPU\book\200995 |t Известия Томского политехнического института [Известия ТПИ] |f Томский политехнический институт (ТПИ) |d 1944-1976 | |
| 463 | 1 | |0 (RuTPU)RU\TPU\book\243460 |t Т. 198 : Органическая химия |v [С. 33-34] |d 1974 |p 144 с. | |
| 610 | 1 | |a электронный ресурс | |
| 610 | 1 | |a труды учёных ТПУ | |
| 700 | 1 | |a Смольянинов |b С. И. |c российский химик-технолог |c профессор Томского политехнического университета |f 1925-1991 |g Станислав Иванович |2 stltpush |3 (RuTPU)RU\TPU\pers\15849 | |
| 701 | 1 | |a Маслов |b С. Г. |c специалист в области химической технологии топлива |c доцент Томского политехнического университета, кандидат технических наук |f 1939- |g Станислав Григорьевич |2 stltpush |3 (RuTPU)RU\TPU\pers\26203 | |
| 701 | 1 | |a Белоусов |b Ю. П. | |
| 801 | 1 | |a RU |b 63413507 |c 20090320 |g PSBO | |
| 801 | 2 | |a RU |b 63413507 |c 20121108 |g PSBO | |
| 856 | 4 | |u http://www.lib.tpu.ru/fulltext/v/Bulletin_TPU/1974/v198/09_bw.pdf |z Черно-белая версия для предварительного просмотра | |
| 856 | 4 | |u http://www.lib.tpu.ru/fulltext/v/Bulletin_TPU/1974/v198/09_full.pdf |z Цветная версия без потери качества | |
| 942 | |c CF | ||